Exit management (Record no. 591298)
[ view plain ]
| 000 -LEADER | |
|---|---|
| fixed length control field | 02519cam a22004577i 4500 |
| 001 - CONTROL NUMBER | |
| control field | 21885151 |
| 003 - CONTROL NUMBER IDENTIFIER | |
| control field | NUST |
| 005 - DATE AND TIME OF LATEST TRANSACTION | |
| control field | 20220825162541.0 |
| 008 - FIXED-LENGTH DATA ELEMENTS--GENERAL INFORMATION | |
| fixed length control field | 200921s2020 enk b 000 1 eng d |
| 010 ## - LIBRARY OF CONGRESS CONTROL NUMBER | |
| LC control number | 2020445125 |
| 015 ## - NATIONAL BIBLIOGRAPHY NUMBER | |
| National bibliography number | GBC0E8761 |
| Source | bnb |
| 016 7# - NATIONAL BIBLIOGRAPHIC AGENCY CONTROL NUMBER | |
| Record control number | 019960173 |
| Source | Uk |
| 020 ## - INTERNATIONAL STANDARD BOOK NUMBER | |
| International Standard Book Number | 9781911585701 |
| Qualifying information | (paperback) |
| 020 ## - INTERNATIONAL STANDARD BOOK NUMBER | |
| International Standard Book Number | 1911585703 |
| Qualifying information | (paperback) |
| 035 ## - SYSTEM CONTROL NUMBER | |
| System control number | (OCoLC)on1139263085 |
| 038 ## - RECORD CONTENT LICENSOR | |
| Staff Name | Azhar |
| 040 ## - CATALOGING SOURCE | |
| Original cataloging agency | YDX |
| Language of cataloging | eng |
| Transcribing agency | YDX |
| Description conventions | rda |
| Modifying agency | OCLCQ |
| -- | UKMGB |
| -- | NZAUC |
| -- | SINLB |
| -- | OCLCF |
| -- | CGU |
| -- | DLC |
| 042 ## - AUTHENTICATION CODE | |
| Authentication code | lccopycat |
| 050 00 - LIBRARY OF CONGRESS CALL NUMBER | |
| Classification number | PR6102.O68 |
| Item number | E95 2020 |
| 082 04 - DEWEY DECIMAL CLASSIFICATION NUMBER | |
| Classification number | 823.92 |
| Author Mark | BOO |
| 100 1# - MAIN ENTRY--PERSONAL NAME | |
| Personal name | Booth, Naomi, |
| Relator term | author. |
| 9 (RLIN) | 98435 |
| 245 10 - TITLE STATEMENT | |
| Title | Exit management |
| Statement of responsibility, etc. | Naomi Booth. |
| 260 ## - PUBLICATION, DISTRIBUTION, ETC. | |
| Place of publication, distribution, etc. | Great Britain : |
| Name of publisher, distributor, etc. | Dead Ink, |
| Date of publication, distribution, etc. | 2020 |
| 300 ## - PHYSICAL DESCRIPTION | |
| Extent | 289 pages ; |
| Dimensions | 20 cm |
| 336 ## - CONTENT TYPE | |
| Content type term | text |
| Content type code | txt |
| Source | rdacontent |
| 337 ## - MEDIA TYPE | |
| Media type term | unmediated |
| Media type code | n |
| Source | rdamedia |
| 338 ## - CARRIER TYPE | |
| Carrier type term | volume |
| Carrier type code | nc |
| Source | rdacarrier |
| 504 ## - BIBLIOGRAPHY, ETC. NOTE | |
| Bibliography, etc. note | Includes bibliographical references. |
| 520 ## - SUMMARY, ETC. | |
| Summary, etc. | "At minus five degrees, even the densest blood materials start to turn: the beginnings of a human heart will still into black ice. Callum has been given an opportunity: Jozsef's house is the perfect place to live - plenty of room, a sought-after London location and filled with priceless works of art. All that Jozsef asks in return is for some company while he's ill and the promise that if it all gets too much, someone will be there to help him at the end. It's fortunate then, when Callum meets Lauren who works in Human Resources and specialises in getting rid of people. Jozsef welcomes them both inside, and so begins a deadly spiral of violence. Pushed ever onwards by the poison of ambition, and haunted by losses from the past, these characters are drawn together in a catastrophe of endings. Naomi Booth's second novel is a groundbreaking dissection of class, xenophobia and compassion. Exit Management will seize you in its cold hands and show you the dark heart within us all."--Provided by publisher. |
| 650 #0 - SUBJECT ADDED ENTRY--TOPICAL TERM | |
| Topical term or geographic name entry element | Roommates |
| Form subdivision | Fiction. |
| 9 (RLIN) | 22713 |
| 650 #0 - SUBJECT ADDED ENTRY--TOPICAL TERM | |
| Topical term or geographic name entry element | Terminally ill |
| Form subdivision | Fiction. |
| 9 (RLIN) | 98436 |
| 650 #0 - SUBJECT ADDED ENTRY--TOPICAL TERM | |
| Topical term or geographic name entry element | Murder |
| General subdivision | Planning |
| Form subdivision | Fiction. |
| 9 (RLIN) | 98437 |
| 650 #0 - SUBJECT ADDED ENTRY--TOPICAL TERM | |
| Topical term or geographic name entry element | Ambition |
| Form subdivision | Fiction. |
| 9 (RLIN) | 11573 |
| 650 #0 - SUBJECT ADDED ENTRY--TOPICAL TERM | |
| Topical term or geographic name entry element | Choice (Psychology) |
| Form subdivision | Fiction. |
| 9 (RLIN) | 98438 |
| 651 #0 - SUBJECT ADDED ENTRY--GEOGRAPHIC NAME | |
| Geographic name | London (England) |
| Form subdivision | Fiction. |
| 9 (RLIN) | 7300 |
| 651 #0 - SUBJECT ADDED ENTRY--GEOGRAPHIC NAME | |
| Geographic name | Great Britain |
| General subdivision | Social conditions |
| Chronological subdivision | 21st century |
| Form subdivision | Fiction. |
| 9 (RLIN) | 98439 |
| 906 ## - LOCAL DATA ELEMENT F, LDF (RLIN) | |
| a | 7 |
| b | cbc |
| c | copycat |
| d | 3 |
| e | ncip |
| f | 20 |
| g | y-gencatlg |
| 942 ## - ADDED ENTRY ELEMENTS (KOHA) | |
| Source of classification or shelving scheme | |
| Koha item type | Lincoln Corner |
| Withdrawn status | Lost status | Source of classification or shelving scheme | Damaged status | Not for loan | Permanent Location | Current Location | Shelving location | Date acquired | Full call number | Barcode | Date last seen | Price effective from | Koha item type |
|---|---|---|---|---|---|---|---|---|---|---|---|---|---|
| Central Library (CL) | Central Library (CL) | Lincoln Corner | 08/23/2022 | 823.92 BOO | LC-402 | 08/23/2022 | 08/23/2022 | Reference |
